000 00778nam a2200265 i 4500
001 C2-0229125
003 PPAK
005 20180728155956.0
008 000919s1985 enka|||| ||||| | eng d
020 _a0001714546
040 _aPPAK
_beng
_cPPAK
_erda
082 0 4 _a428.1
_223
090 0 0 _a428.1
_bBRO
_dK
100 1 _aBrown, Marc,
_eauthor
245 1 0 _aWings on things
264 1 _aLondon :
_bHarper Collins ,
_c1985
300 _a[26 pages] :
_bcolour illustrations ;
_c23 cm
336 _2rdacontent
_atext
337 _2rdamedia
_aunmediated
338 _2rdacarrier
_avolume
490 1 _aBright and early books for beginning beginners
650 1 0 _aPicture books for children
830 0 _aBright and early books for beginning beginners
942 _ddc
_cB
999 _c148811
_d148811